Bồi dưỡng kỹ năng dạy học môn Toán cho giáo viên Tiểu học huyện Thanh Bình tỉnh Đồng Tháp Luận văn thạc Khoa học giáo dục. Chuyên ngành: Giáo dục học (cấp tiểu học). Mã số: 60 14 10

Kaydedildi:
Detaylı Bibliyografya
Yazar: Nguyễn, Hùng Anh
Diğer Yazarlar: Nguyễn Bá Minh (Hướng dẫn)
Materyal Türü: Tez Set Kitap
Baskı/Yayın Bilgisi: Vinh Đại học Vinh 2009
Konular:
Etiketler: Etiketle
Etiket eklenmemiş, İlk siz ekleyin!
Thư viện lưu trữ: Trung tâm Học liệu Lê Vũ Hùng, Trường Đại học Đồng Tháp
LEADER 01219ppm a22003138a 4500
001 00036562
005 20171026081025.0
008 170309s2009 ||||||Viesd
041 0 # |a Vie 
082 1 4 |a 372.7  |b B452D 
100 1 # |a Nguyễn, Hùng Anh 
245 0 0 |a Bồi dưỡng kỹ năng dạy học môn Toán cho giáo viên Tiểu học huyện Thanh Bình tỉnh Đồng Tháp  |b Luận văn thạc Khoa học giáo dục. Chuyên ngành: Giáo dục học (cấp tiểu học). Mã số: 60 14 10  |c Nguyễn Hùng Anh; Nguyễn Bá Minh (hướng dẫn) 
260 # # |a Vinh  |b Đại học Vinh  |c 2009 
300 # # |a 90tr.  |c 30cm. 
500 # # |a ĐTTTS ghi: Bộ giáo dục và đào tạo. Đại học Vinh 
653 # # |a Giáo dục 
653 # # |a Luận văn 
653 # # |a Đồng Tháp 
653 # # |a giáo viên 
653 # # |a Tiểu học 
653 # # |a Ngữ văn 
700 1 # |e Hướng dẫn  |a Nguyễn Bá Minh 
852 # # |j LV.0000936 
852 # # |b Kho đọc SĐH  |j LV.0000936 
910 |d 09/03/2017 
980 # # |a Trung tâm Học liệu Lê Vũ Hùng, Trường Đại học Đồng Tháp